000 00781naa a22002777a 4500
001 BR9301639
003 BR-BrBNA
005 20240918181016.0
007 ta
008 230509b bl.||||| |||| 00| 0 por d
040 _aBR-BrBNA
_bpor
_cBiblioteca Nacional de Agricultura
041 _a(Pt
072 _aH60
_b1000
090 _aH60 BR9301639
100 1 _aCunha, H.M.P. da
245 1 _aO controle do danda, Cyperus rotundus L, em pomar citrico
250 1 _a1977
500 _aInforme cientifico anual, no. 1 1977 (BR9301639-AM)H60
650 _aFruta Citrica
650 _aTiririca
650 _aErva Daninha
650 _aHerbicida
773 0 _tInforme cientifico anual, no. 1
_wH60 BR9301639
_g
909 _a202404
_bLucia
_c55
_dLucia Elande
942 _cAM
_2AGRIS
999 _c323160
_d323160